Nueva historia de la Iglesia / (Record no. 112888)

MARC details
000 -LEADER
campo de control de longitud fija 00649nam a2200181 4500
001 - NÚMERO DE CONTROL
campo de control 112888
003 - IDENTIFICADOR DE NÚMERO DE CONTROL
campo de control ES-MaACL
005 - FECHA Y HORA DE LA ÚLTIMA TRANSACCIÓN
campo de control 20230906185705.0
007 - CAMPO FIJO DE DESCRIPCIÓN FÍSICA--INFORMACIÓN GENERAL
campo de control de longitud fija t|
008 - DATOS DE LONGITUD FIJA--INFORMACIÓN GENERAL
campo de control de longitud fija 061121m19641983sp r ||||1| spa d
245 00 - MENCIÓN DEL TÍTULO
Título Nueva historia de la Iglesia /
Mención de responsabilidad, etc. dirigida por los profesores Dr. L. J. Rogier [et al.] ; traducción del francés por Mariano Herranz Marco y Alfonso de la Fuente Adánez.
260 ## - PUBLICACIÓN, DISTRIBUCIÓN, ETC.
Lugar de publicación, distribución, etc. Madrid :
Nombre del editor, distribuidor, etc. Cristiandad,
Fecha de publicación, distribución, etc. 1964-83.
300 ## - DESCRIPCIÓN FÍSICA
Extensión 5 v. ;
Dimensiones 24 cm.
700 1# - ENTRADA AGREGADA--NOMBRE PERSONAL
Nombre de persona Herranz Marco, Mariano.
9 (RLIN) 63170
700 0# - ENTRADA AGREGADA--NOMBRE PERSONAL
Nombre de persona Fuente Adánez, Alfonso de la.
9 (RLIN) 52860
700 1# - ENTRADA AGREGADA--NOMBRE PERSONAL
Nombre de persona Rogier, L. J.
9 (RLIN) 98956
852 ## - LOCALIZACIÓN
Ubicación ES-MaACL
Número de control de estantería L-8322-26
Sublocalización o colección R.55051
Holdings
Estatus retirado Estado de pérdida Estado de daño No para préstamo Biblioteca de origen Biblioteca actual Ubicación en estantería Fecha de adquisición Fuente de adquisición Total de préstamos Signatura topográfica completa Código de barras Visto por última vez Precio de reemplazo Tipo de ítem Koha
        Biblioteca del Ateneo de Madrid Biblioteca del Ateneo de Madrid Depósito 2 17/01/2008     L-8322-26 1117753 23/02/2023 23/02/2023 Libro impreso